000 00647cam0a220020500 4500
001 qce01297072
005 20190826100631.0
008 800925s1963 ua 000 0 eng
010 _ane 63002183 /L
035 _a(Sirsi) r104166
035 _a(QCAT)lss02876654
035 _a(UPRA)qce01297072
040 _dUPRA
050 0 _aDS 35 Per 1962
_b.P45
110 2 _bPermanent Secretariat.
_6A39122.1
245 1 0 _aAfro-Asian peoples' solidarity movement :
_bprinciples, structure, friendly organisations.
260 _aCairo,
_c[1962, 1963]
949 _aDS 35 Per 1962
_wlcc
_c 1
_i33729000054960
_mMAIN
_p2500
_tBOOK
_lON-SHELF
004 104166
999 _c162417
_d162417